000 00720nam a2200289Ia 4500
005 20260324134727.0
008 008 260324s9999 xx 000 0 eng d
020 _a9780203187760
037 _aEBOOK
040 _aCRL
040 _beng
040 _cCRL
041 _2eng
041 _aeng
084 _qCRL
100 _aAngela Bolton; Christopher Pole; Phillip Mizen
_91197918
245 0 _aHidden Hands
245 0 _bInternational Perspectives on Children's Work and Labour
260 _bTaylor and Francis
260 _c2001
365 _a
365 _b300
856 _uhttp://www.taylorfrancis.com/books/9780203187760
942 _cEBOOK
999 _c1798290
_d1798290